|
|
|
|
| LEADER |
01306cam a2200265 a 4500 |
| 001 |
3051600 |
| 003 |
GR-PaULI |
| 005 |
20211217132112.0 |
| 008 |
960304s1997 nyua b 001 0 eng |
| 952 |
|
|
|0 0
|1 0
|2 ddc
|4 0
|6 621_382000000000000_2_ΚΑΛ
|7 0
|9 137052
|a LISP
|b LISP
|c BSC
|d 2016-04-24
|i 254267
|l 0
|o 621.382 2 ΚΑΛ
|p 025000284351
|r 2016-04-24 00:00:00
|t 1
|v 2016.00
|w 2016-04-24
|y BK15
|x Μεταφορά από Τμ. Μηχανικών ΗΥ & Πληροφορικής
|
| 999 |
|
|
|c 89743
|d 89743
|
| 010 |
|
|
|a 96012447
|
| 020 |
|
|
|a 0471112208 (alk. paper)
|
| 040 |
|
|
|a GR-PaULI
|c GR-PaULI
|d
|b gre
|e AACR2
|
| 082 |
0 |
4 |
|a 621.382 2
|2 23
|
| 100 |
1 |
|
|a Καλουπτσίδης, Νικόλαος Γ.,
|9 149876
|d 1951-
|e συγγραφέας.
|
| 245 |
1 |
0 |
|a Signal processing systems :
|b theory and design /
|c N. Kalouptsidis.
|
| 260 |
|
|
|a New York :
|b Wiley,
|c c1997.
|
| 300 |
|
|
|a xxii, 840 σ. :
|b εικ. ;
|c 25 εκ.
|
| 490 |
1 |
|
|a Wiley series in telecommunications and signal processing
|
| 504 |
|
|
|a Περιλαμβάνει βιβλιογραφικές παραπομπές και ευρετήριο.
|
| 650 |
|
4 |
|a Θεωρία σημάτων (Τηλεπικοινωνία)
|9 1444
|
| 830 |
|
0 |
|9 181044
|a Wiley series in telecommunications and signal processing
|
| 942 |
|
|
|2 ddc
|c BK15
|
| 998 |
|
|
|c ΜΠΟΥΡΑΣ
|d 2021-12
|